| Поле | Инд. | ПП | Название | Значение |
|---|---|---|---|---|
| Тип записи | a | |||
| Библиографический уровень | m | |||
| 001 | Контрольный номер | RU/IS/BASE/237906663 | ||
| 005 | Дата корректировки | 20230516115652.8 | ||
| 008 | Кодируемые данные | 20070716 | ||
| 041 | a | Код языка текста | rus | |
| 084 | a | Индекс другой классификации/Индекс ББК | 88.490; 60.9; 60.561.9(2Рос); 60.561.51(2Рос); 74.105 | |
| 090 | a | Полочн. индекс | 95.2+60 | |
| x | Авторский знак | С 672 | ||
| 245 | a | Заглавие | Сотис - социальные технологии, исследования | |
| b | Продолж. заглавия | научно-практический журнал | ||
| n | Номер части/ раздела | №2/2007 | ||
| c | Ответственность | гл. ред. В. А. Румянцев | ||
| 260 | a | Место издания | Москва | |
| b | Издательство | СПО "СОТИС" | ||
| c | Дата издания | 2007 | ||
| 300 | a | Объем | 104 с. | |
| 500 | a | Примечание | Журнал | |
| 500 | 10 | a | Примечание | Опубликован: Федеральный закон "Об автономных учреждениях" от 3 ноября 2006 г. № 174-ФЗ |
| 504 | a | Библиография | Библиогр. в конце статьи | |
| 505 | a | Форматированное содержание | Об автономных учреждениях | |
| n | Доп. информация | Федеральный закон от 3 ноября 2006 г. № 174-ФЗ | ||
| 530 | a | Примеч. о доп. формах | оглавление | |
| 650 | a | Основная рубрика | социальная работа | |
| a | Основная рубрика | социальные науки (общественные науки) | ||
| a | Основная рубрика | социология | ||
| 653 | a | Ключевые слова | автономные учреждения | |
| a | Ключевые слова | гимназическое образование | ||
| a | Ключевые слова | групповая работа | ||
| a | Ключевые слова | детско-родительские отношения | ||
| a | Ключевые слова | дошкольное образование | ||
| a | Ключевые слова | игорный бизнес | ||
| a | Ключевые слова | индивидуальность | ||
| a | Ключевые слова | консультативная психология | ||
| a | Ключевые слова | образование | ||
| a | Ключевые слова | педагогическая социология | ||
| a | Ключевые слова | педагогические инновации | ||
| a | Ключевые слова | подростки | ||
| a | Ключевые слова | практическая психология | ||
| a | Ключевые слова | психологическая помощь | ||
| a | Ключевые слова | психология | ||
| a | Ключевые слова | психолого-педагогическая экспертиза | ||
| a | Ключевые слова | регионы России | ||
| a | Ключевые слова | Россия | ||
| a | Ключевые слова | семейные конфликты | ||
| a | Ключевые слова | социальная поддержка семей | ||
| a | Ключевые слова | социальная политика | ||
| a | Ключевые слова | социально-психологическая экспертиза | ||
| a | Ключевые слова | социальные отношения | ||
| a | Ключевые слова | социология групп | ||
| a | Ключевые слова | социология семьи | ||
| a | Ключевые слова | школьная успеваемость | ||
| 700 | a | Автор | Отюцкий Г. П. | |
| 700 | 1_ | a | Автор | Прюсс Ф. |
| 700 | 1_ | a | Автор | Буркова О. |
| 700 | 1_ | a | Автор | Дзуцев Х. В. |
| 700 | 1_ | a | Автор | Фокин В. А. |
| 700 | 1_ | a | Автор | Фокин И. В. |
| 700 | 1_ | a | Автор | Алексеева Л. С. |
| 700 | 1_ | a | Автор | Чаганова С. Д. |
| 700 | 1_ | a | Автор | Шубина Н. А. |
| 700 | 1_ | a | Автор | Данилина Т. А. |
| 700 | 1_ | a | Автор | Жураковская В. М. |
| 773 | w | Контрольный № источника | RU/IS/BASE/403894934 | |
| 900 | a | Имя электронного ресурса | ~p_sotis_2_07 | |
| d | Дата загрузки макрообъекта | 20100101 | ||
| x | Справочная информация | Оглавление | ||
| 901 | t | Тип документа | s | |
| 952 | a | Тип литературы для КСУ ВШ | НЖ |